Movies Quiz

Random Movies or Actor Quiz

Films Venn Diagram Quiz Stats

 Plays Quiz not verified by Sporcle

Score 0/8 Timer 05:00
1 Play Today
% Correct
12 Years
a Slave
87.6%
Million
Dollar Baby
82.3%
The French
Connection
77.4%
The Royal
Tenenbaums
77.3%
Unforgiven
75.8%
Inception
73.3%
Absolute
Power
70%
Invictus
66.1%

You're not logged in!

Compare scores with friends on all Sporcle quizzes.
OR
Log In

Show Comments

Extras

Top Quizzes Today


Score Distribution

Your Account Isn't Verified!

In order to create a playlist on Sporcle, you need to verify the email address you used during registration. Go to your Sporcle Settings to finish the process.

Report this User

Report this user for behavior that violates our Community Guidelines.

Details: